[Event "Euskadi-chT (Vasca) Div Honor"]
[Site "Bergara"]
[Date "2017.02.11"]
[Round "5.2"]
[White "Jimenez Almeida, Luis David"]
[Black "Miguel Quintero, Antonio"]
[Result "1/2-1/2"]
[WhiteElo "2233"]
[BlackElo "2166"]
[PlyCount "56"]
[EventDate "2017.01.14"]
[EventType "team-tourn"]
[EventRounds "9"]
[EventCountry "ESP"]
[SourceTitle "EXT 2024"]
[Source "ChessBase"]
[SourceDate "2023.10.10"]
[SourceVersion "1"]
[SourceVersionDate "2023.10.10"]
[SourceQuality "1"]

1. d4 g6 2. c4 Bg7 3. e4 d6 4. Nc3 Nc6 5. Be3 e5 6. d5 Nd4 7. Nge2 Nxe2 8. Bxe2 f5 9. exf5 gxf5 10. Bh5+ Kf8 11. g3 Bd7 12. 0-0 Nf6 13. Be2 b6 14. b4 a5 15. a3 axb4 16. axb4 Rxa1 17. Qxa1 h5 18. c5 bxc5 19. bxc5 Ng4 20. cxd6 cxd6 21. Qa3 Nxe3 22. fxe3 Qb6 23. Kh1 Ke7 24. e4 h4 25. gxh4 Rxh4 26. exf5 Qe3 27. f6+ Bxf6 28. Rxf6 Rxh2+ 1/2-1/2

[Event "Euskadi-chT (Vasca) Div Honor"]
[Site "Bergara"]
[Date "2017.01.28"]
[Round "3.3"]
[White "Ortega Lopez, Mikel"]
[Black "Miguel Quintero, Antonio"]
[Result "1-0"]
[WhiteElo "2258"]
[BlackElo "2166"]
[PlyCount "99"]
[EventDate "2017.01.14"]
[EventType "team-tourn"]
[EventRounds "9"]
[EventCountry "ESP"]
[SourceTitle "EXT 2024"]
[Source "ChessBase"]
[SourceDate "2023.10.10"]
[SourceVersion "1"]
[SourceVersionDate "2023.10.10"]
[SourceQuality "1"]

1. e4 e5 2. Nf3 Nf6 3. Nxe5 d6 4. Nf3 Nxe4 5. d4 d5 6. Bd3 Be7 7. 0-0 0-0 8. Re1 Nf6 9. h3 h6 10. Bf4 c5 11. dxc5 Bxc5 12. c3 Nc6 13. Qc2 Be6 14. Nbd2 Rc8 15. Nb3 Bb6 16. Qd2 Ne4 17. Bxe4 dxe4 18. Qxd8 Rfxd8 19. Rxe4 Bd5 20. Re2 Bxf3 21. gxf3 Rd5 22. Kg2 g5 23. Be3 Re8 24. Rae1 Rde5 25. Nd2 f5 26. Nc4 R5e6 27. Nxb6 axb6 28. Kf1 b5 29. Bc5 Kf7 30. Rxe6 Rxe6 31. Rxe6 Kxe6 32. Ke2 Ne5 33. Bd4 Ng6 34. Be3 Kd5 35. b3 Kd6 36. f4 gxf4 37. Bd4 Ke6 38. Kd3 Kd5 39. Bf6 h5 40. Bg7 Nh4 41. c4+ bxc4+ 42. bxc4+ Kc6 43. Bh6 Nf3 44. Bxf4 Kc5 45. a3 h4 46. Be3+ Kc6 47. Kc3 Ng1 48. f4 Nxh3 49. Kb4 Ng5 50. fxg5 1-0

[Event "Euskadi-chT (Vasca) Div Honor"]
[Site "Bergara"]
[Date "2014.01.18"]
[Round "2.4"]
[White "Etchegaray, Patrice"]
[Black "Miguel Quintero, Antonio"]
[Result "1-0"]
[WhiteElo "2391"]
[BlackElo "2148"]
[PlyCount "85"]
[EventDate "2014.01.11"]
[EventType "team-tourn"]
[EventRounds "9"]
[EventCountry "ESP"]
[SourceTitle "EXT 2024"]
[Source "ChessBase"]
[SourceDate "2023.10.10"]
[SourceVersion "1"]
[SourceVersionDate "2023.10.10"]
[SourceQuality "1"]

1. e4 g6 2. d4 Bg7 3. Nf3 d6 4. Bc4 Nf6 5. Nc3 Bg4 6. e5 dxe5 7. Bxf7+ Kxf7 8. Nxe5+ Ke8 9. Nxg4 Nxg4 10. Qxg4 Qxd4 11. Qc8+ Kf7 12. Qxb7 Qe5+ 13. Be3 Nd7 14. 0-0 Rhb8 15. Qc6 Qe6 16. Qxe6+ Kxe6 17. Rfe1 Kf7 18. Rad1 Bxc3 19. bxc3 Nf6 20. Bc5 e6 21. Rb1 Nd5 22. Bd4 c5 23. Bxc5 Nxc3 24. Rb3 Rxb3 25. axb3 Rc8 26. Be3 a6 27. Kf1 Rc6 28. f3 h5 29. Bd2 Nb5 30. c4 Nd4 31. Rb1 Rb6 32. b4 Rc6 33. c5 Nb5 34. Ra1 e5 35. Re1 Kf6 36. h4 Kf5 37. Re4 Re6 38. Ke2 Rc6 39. Kd3 a5 40. Kc4 Na3+ 41. Kd5 Rc8 42. Rxe5+ Kf6 43. Bg5+ 1-0

[Event "Euskadi-chT Div 1"]
[Site "Bergara"]
[Date "2013.01.26"]
[Round "3.2"]
[White "Tetimov, Ivan"]
[Black "Miguel Quintero, Antonio"]
[Result "0-1"]
[WhiteElo "2041"]
[BlackElo "2160"]
[PlyCount "91"]
[EventDate "2013.01.12"]
[EventType "team-tourn"]
[EventRounds "9"]
[EventCountry "ESP"]
[SourceTitle "EXT 2015"]
[Source "ChessBase"]
[SourceDate "2014.11.20"]
[SourceVersion "1"]
[SourceVersionDate "2014.11.20"]
[SourceQuality "1"]

1. d4 g6 2. c4 Bg7 3. Nc3 d6 4. e4 Nc6 5. Be3 e5 6. Nge2 Nf6 7. f3 exd4 8. Nxd4 0-0 9. Qd2 Be6 10. Be2 Nh5 11. 0-0 Nxd4 12. Bxd4 Nf4 13. Be3 Nxe2+ 14. Qxe2 Qd7 15. Rad1 Bxc3 16. bxc3 Qa4 17. Rf2 Qxc4 18. Qd2 f5 19. Bh6 Rfe8 20. Rb1 b6 21. Rb4 Qc6 22. exf5 Bxf5 23. g4 Be6 24. Re4 Qd7 25. Rfe2 d5 26. Rf4 c5 27. Re5 Bf7 28. Qe3 Qd6 29. Rxe8+ Rxe8 30. Qf2 Qe5 31. Qd2 Qe1+ 32. Qxe1 Rxe1+ 33. Kf2 Rc1 34. Ra4 Rc2+ 35. Ke3 a5 36. Ra3 Rxh2 37. Bf4 Rb2 38. Bc7 h5 39. gxh5 gxh5 40. Kf4 Kf8 41. Rb3 Rxb3 42. axb3 c4 43. bxc4 dxc4 44. Bxb6 a4 45. Bg1 Ke7 46. Ke3 0-1

[Event "Mondragon Arrasate Hiria op 12th"]
[Site "Mondragon"]
[Date "2012.10.07"]
[Round "4"]
[White "Miguel Quintero, Antonio"]
[Black "Villar Moron, Roberto"]
[Result "1-0"]
[WhiteElo "2164"]
[BlackElo "1899"]
[PlyCount "41"]
[EventDate "2012.09.14"]
[EventType "swiss"]
[EventRounds "6"]
[EventCountry "ESP"]
[SourceTitle "EXT 2013"]
[Source "ChessBase"]
[SourceDate "2012.11.22"]
[SourceVersion "1"]
[SourceVersionDate "2012.11.22"]
[SourceQuality "1"]

1. e4 c5 2. c3 d5 3. exd5 Qxd5 4. d4 Nc6 5. Nf3 Bg4 6. Be2 cxd4 7. cxd4 e6 8. Nc3 Bb4 9. 0-0 Qd7 10. Be3 Nf6 11. h3 Bh5 12. Qb3 Qe7 13. d5 Bxf3 14. Bxf3 Ne5 15. Be2 Bxc3 16. Qxc3 exd5 17. Bb5+ Nfd7 18. Bc5 Nf3+ 19. gxf3 Qg5+ 20. Kh1 Rc8 21. Qe3+ 1-0

[Event "Mondragon Arrasate Hiria op 12th"]
[Site "Mondragon"]
[Date "2012.09.28"]
[Round "3"]
[White "Montolio Benedicto, Cesar"]
[Black "Miguel Quintero, Antonio"]
[Result "1/2-1/2"]
[WhiteElo "1955"]
[BlackElo "2164"]
[PlyCount "87"]
[EventDate "2012.09.14"]
[EventType "swiss"]
[EventRounds "6"]
[EventCountry "ESP"]
[SourceTitle "EXT 2013"]
[Source "ChessBase"]
[SourceDate "2012.11.22"]
[SourceVersion "1"]
[SourceVersionDate "2012.11.22"]
[SourceQuality "1"]

1. e4 c5 2. c3 Nf6 3. e5 Nd5 4. Nf3 Nc6 5. d4 cxd4 6. cxd4 d6 7. Be2 dxe5 8. dxe5 e6 9. 0-0 Be7 10. Bd2 0-0 11. Nc3 Qc7 12. Nxd5 exd5 13. Bf4 Be6 14. Rc1 Rfd8 15. Bd3 g6 16. Re1 Qb6 17. Bg5 Rd7 18. Bxe7 Rxe7 19. b3 Bg4 20. h3 Bxf3 21. Qxf3 Nxe5 22. Qxd5 Rd8 23. Rxe5 Rxd5 24. Rxd5 Qb4 25. Bc4 a6 26. a4 Kg7 27. Rcd1 Re4 28. g3 Re6 29. R5d4 Re1+ 30. Rxe1 Qxe1+ 31. Kg2 Qe7 32. Rd5 h5 33. h4 Kh6 34. f4 f6 35. Kf2 Qe4 36. Rd8 Qc2+ 37. Kf3 Qc3+ 38. Rd3 Qb4 39. Rd5 Qe1 40. Rd8 Qb1 41. Rd5 Qe1 42. Kg2 Qe7 43. Kf3 f5 44. Re5 1/2-1/2

[Event "Euskadi-chT (Vasca) Div 1st"]
[Site "Bergara"]
[Date "2012.01.21"]
[Round "2.2"]
[White "Arrese Igor Sanchez, Cesareo"]
[Black "Miguel Quintero, Antonio"]
[Result "0-1"]
[WhiteElo "2054"]
[BlackElo "2165"]
[PlyCount "80"]
[EventDate "2012.01.14"]
[EventType "team-tourn"]
[EventRounds "9"]
[EventCountry "ESP"]
[SourceTitle "EXT 2024"]
[Source "ChessBase"]
[SourceDate "2023.10.10"]
[SourceVersion "1"]
[SourceVersionDate "2023.10.10"]
[SourceQuality "1"]

1. e4 g6 2. d4 Bg7 3. Nc3 d6 4. f4 Nc6 5. Be3 Nf6 6. Nf3 0-0 7. Qd2 d5 8. e5 Ne4 9. Nxe4 dxe4 10. Ng5 Bf5 11. d5 Nb8 12. Qd4 c6 13. Bc4 cxd5 14. Bxd5 Nc6 15. Qc4 e6 16. Bxe4 h6 17. Nf3 Rc8 18. Bc5 Na5 19. Qb4 Rxc5 20. Qxc5 Bxe4 21. Rd1 Bd5 22. b3 b6 23. Qa3 Qc7 24. c4 Bxf3 25. gxf3 Rd8 26. Ke2 Bf8 27. Qa4 Nc6 28. Rxd8 Nxd8 29. Qe8 Qe7 30. Qa4 Qc5 31. Qd7 Nc6 32. Rd1 Ne7 33. Qxa7 Nf5 34. Rd3 Qg1 35. Qa8 Nd4+ 36. Kd2 Qf2+ 37. Kc3 Ne2+ 38. Kd2 Nxf4+ 39. Kc3 Nxd3 40. Kxd3 Qxh2 0-1

[Event "Euskadi-chT (Vasca) Div Honor"]
[Site "Bergara"]
[Date "2011.02.26"]
[Round "8.2"]
[White "Miguel Quintero, Antonio"]
[Black "Gonzalez de la Torre, Santiago"]
[Result "0-1"]
[WhiteElo "2173"]
[BlackElo "2412"]
[PlyCount "100"]
[EventDate "2011.01.08"]
[EventType "team-tourn"]
[EventRounds "9"]
[EventCountry "ESP"]
[SourceTitle "EXT 2024"]
[Source "ChessBase"]
[SourceDate "2023.10.10"]
[SourceVersion "1"]
[SourceVersionDate "2023.10.10"]
[SourceQuality "1"]

1. e4 c5 2. Nf3 e6 3. d4 cxd4 4. Nxd4 a6 5. Nc3 Qc7 6. Be2 b5 7. a3 Bb7 8. 0-0 Nf6 9. Bf3 Nc6 10. Nxc6 dxc6 11. Bg5 Bd6 12. g3 Be5 13. Qe2 h6 14. Bd2 0-0 15. Nd1 a5 16. Bc3 Bxc3 17. bxc3 c5 18. Re1 Qc6 19. Nb2 c4 20. a4 Ba6 21. Qe3 e5 22. axb5 Bxb5 23. Ra3 Rfd8 24. Rd1 Rxd1+ 25. Nxd1 a4 26. g4 Nh7 27. h4 Qf6 28. h5 Ng5 29. Bg2 Qd6 30. Ra1 Ne6 31. Bf1 Nf4 32. Qc1 g6 33. hxg6 Qxg6 34. f3 h5 35. Ne3 hxg4 36. Nxg4 Bd7 37. Qe3 Bxg4 38. fxg4 Qxg4+ 39. Kf2 a3 40. Qg3 Qxg3+ 41. Kxg3 Ra4 42. Kg4 Kg7 43. Kf5 f6 44. Ra2 Nh5 45. Kg4 Kg6 46. Bg2 Nf4 47. Bf3 Ne6 48. Be2 Nc7 49. Ra1 Nb5 50. Kf3 Nxc3 0-1

[Event "Euskadi-chT (Vasca) Div Honor"]
[Site "Bergara"]
[Date "2011.01.22"]
[Round "3"]
[White "Mindeguia Guruceaga, Juan Jesus"]
[Black "Miguel Quintero, Antonio"]
[Result "1-0"]
[WhiteElo "2214"]
[BlackElo "2173"]
[PlyCount "81"]
[EventDate "2011.01.08"]
[EventType "team-tourn"]
[EventRounds "9"]
[EventCountry "ESP"]
[SourceTitle "EXT 2024"]
[Source "ChessBase"]
[SourceDate "2023.10.10"]
[SourceVersion "1"]
[SourceVersionDate "2023.10.10"]
[SourceQuality "1"]

1. e4 c5 2. Nf3 e6 3. d4 cxd4 4. Nxd4 a6 5. Bd3 Qc7 6. 0-0 Nc6 7. c3 Nf6 8. Qe2 Be7 9. f4 d6 10. Nf3 Bd7 11. a3 Na5 12. Nbd2 b5 13. b4 Nb7 14. c4 bxc4 15. Nxc4 a5 16. Be3 axb4 17. axb4 0-0 18. Rxa8 Rxa8 19. Rc1 Qd8 20. Nb6 Rb8 21. Nxd7 Qxd7 22. Bb5 Qd8 23. Nd4 Qf8 24. Nc6 Ra8 25. Nxe7+ Qxe7 26. Bc6 Ra3 27. e5 dxe5 28. fxe5 Nd5 29. Bxd5 exd5 30. Rc8+ Nd8 31. Bd4 h6 32. h3 Kh7 33. Qc2+ g6 34. e6 Qxe6 35. Rxd8 Qe1+ 36. Kh2 Qg3+ 37. Kh1 Qe1+ 38. Bg1 Ra1 39. Qc5 Rd1 40. Rxd5 Rc1 41. Qd4 1-0

[Event "Euskadi-chT"]
[Site "Bergara"]
[Date "2010.02.20"]
[Round "6.2"]
[White "Hernandez Izaguirre, Eder"]
[Black "Miguel Quintero, Antonio"]
[Result "1/2-1/2"]
[WhiteElo "2106"]
[BlackElo "2181"]
[PlyCount "34"]
[EventDate "2010.01.09"]
[EventType "team-tourn"]
[EventRounds "9"]
[EventCountry "ESP"]
[SourceTitle "EXT 2011"]
[Source "ChessBase"]
[SourceDate "2010.11.26"]
[SourceVersion "1"]
[SourceVersionDate "2010.11.26"]
[SourceQuality "1"]

1. c4 g6 2. g3 Bg7 3. Bg2 c5 4. Nc3 Nf6 5. e4 d6 6. Nge2 Nc6 7. 0-0 0-0 8. d3 Nd4 9. Nxd4 cxd4 10. Ne2 e5 11. b4 a5 12. Bd2 axb4 13. Bxb4 Qb6 14. Qb3 Be6 15. Rfb1 Qc7 16. a4 Rfb8 17. Bd2 Nd7 1/2-1/2

[Event "Euskadi-chT"]
[Site "Bergara"]
[Date "2010.01.16"]
[Round "1.2"]
[White "Rada Equiza, Miguel"]
[Black "Miguel Quintero, Antonio"]
[Result "1-0"]
[WhiteElo "2263"]
[BlackElo "2181"]
[PlyCount "65"]
[EventDate "2010.01.09"]
[EventType "team-tourn"]
[EventRounds "9"]
[EventCountry "ESP"]
[SourceTitle "EXT 2011"]
[Source "ChessBase"]
[SourceDate "2010.11.26"]
[SourceVersion "1"]
[SourceVersionDate "2010.11.26"]
[SourceQuality "1"]

1. e4 c5 2. Nf3 e6 3. c4 Qc7 4. Nc3 a6 5. Be2 Nc6 6. 0-0 Nf6 7. a3 Be7 8. d4 cxd4 9. Nxd4 0-0 10. Be3 d6 11. Rc1 Nxd4 12. Qxd4 e5 13. Qd3 Bd7 14. Bg5 Bc6 15. b4 b6 16. Rfd1 Rfd8 17. Bxf6 Bxf6 18. b5 Bb7 19. Nd5 Qc5 20. Qg3 Kf8 21. Rc3 Be7 22. Nxe7 Kxe7 23. Qh4+ Kd7 24. Qxh7 Kc7 25. Qxg7 Bxe4 26. Bf3 Bxf3 27. Qxf7+ Kb8 28. Qxf3 Ra7 29. Qd5 Qc8 30. c5 bxc5 31. bxa6 Qxa6 32. Rxc5 Qxa3 33. Rb1+ 1-0

[Event "Mondragon Arrasate Hiria op 9th"]
[Site "Mondragon"]
[Date "2009.10.23"]
[Round "3"]
[White "Miguel Quintero, Antonio"]
[Black "Beitia Amador Carrandi, Ernesto"]
[Result "1-0"]
[WhiteElo "2174"]
[BlackElo "1988"]
[PlyCount "43"]
[EventDate "2009.10.09"]
[EventType "swiss"]
[EventRounds "6"]
[EventCountry "ESP"]
[SourceTitle "EXT 2010"]
[Source "ChessBase"]
[SourceDate "2010.11.25"]
[SourceVersion "1"]
[SourceVersionDate "2010.11.25"]
[SourceQuality "1"]

1. d4 Nf6 2. Nf3 d5 3. c4 c6 4. Nc3 e6 5. Bg5 Nbd7 6. e3 Be7 7. Qc2 h6 8. Bf4 Nh5 9. cxd5 Nxf4 10. dxc6 Nxg2+ 11. Bxg2 bxc6 12. 0-0 Bb7 13. Rad1 0-0 14. Ne4 Qb6 15. b4 Ba6 16. Nc5 Bxf1 17. Nxd7 Qxb4 18. Nxf8 Rxf8 19. Rxf1 c5 20. Rb1 Qa5 21. Ne5 Bd6 22. Nc4 1-0

[Event "Mondragon Arrasate Hiria op 8th"]
[Site "Mondragon "]
[Date "2008.11.21"]
[Round "5"]
[White "Nava Pereda, Carlos"]
[Black "Miguel Quintero, Antonio"]
[Result "1/2-1/2"]
[WhiteElo "2281"]
[BlackElo "2176"]
[PlyCount "124"]
[EventDate "2008.10.24"]
[EventType "swiss"]
[EventRounds "6"]
[EventCountry "ESP"]
[SourceTitle "CBM 127 Extra"]
[Source "ChessBase"]
[SourceDate "2009.01.08"]
[SourceVersion "2"]
[SourceVersionDate "2009.01.28"]
[SourceQuality "1"]

1. d4 d5 2. c4 e6 3. Nf3 Nf6 4. Nc3 Be7 5. Bf4 0-0 6. e3 b6 7. Be2 Bb7 8. 0-0 Nbd7 9. cxd5 Nxd5 10. Nxd5 Bxd5 11. Qc2 c5 12. e4 Bb7 13. Rad1 cxd4 14. Rxd4 Bc5 15. Rd2 Qe7 16. a3 a5 17. Bg5 f6 18. Bb5 Rfd8 19. Bh4 Rac8 20. Qa4 Nf8 21. Rc2 Ng6 22. Bg3 Bd6 23. Rxc8 Rxc8 24. Bxd6 Qxd6 25. Rd1 Qe7 26. Qd4 Rc5 27. Bc4 h6 28. b4 axb4 29. axb4 Rc6 30. Bb5 Rc7 31. h4 Bc6 32. Qxb6 Bxb5 33. Qxb5 Rb7 34. Qc5 Rxb4 35. Qc8+ Nf8 36. Nd4 Qd6 37. Qc6 Qxc6 38. Nxc6 Rxe4 39. g3 Rc4 40. Nd8 e5 41. Kg2 h5 42. Rd6 Rc7 43. Ne6 Nxe6 44. Rxe6 Kf7 45. Ra6 Kg6 46. Rb6 Kf5 47. Ra6 Re7 48. Rb6 e4 49. Rb5+ Re5 50. Rb7 g6 51. Rb3 Rd5 52. Rb8 Rd2 53. Re8 Rd5 54. Ra8 Re5 55. Ra3 Re6 56. Rb3 Kg4 57. Rb4 g5 58. hxg5 fxg5 59. Ra4 Kf5 60. Ra3 Re5 61. Rb3 h4 62. gxh4 gxh4 1/2-1/2

[Event "Mondragon Arrasate Hiria op 8th"]
[Site "Mondragon "]
[Date "2008.11.07"]
[Round "3"]
[White "Miguel Quintero, Antonio"]
[Black "Prieto Aranguren, Alain"]
[Result "1-0"]
[WhiteElo "2176"]
[BlackElo "2162"]
[PlyCount "93"]
[EventDate "2008.10.24"]
[EventType "swiss"]
[EventRounds "6"]
[EventCountry "ESP"]
[SourceTitle "CBM 127 Extra"]
[Source "ChessBase"]
[SourceDate "2009.01.08"]
[SourceVersion "2"]
[SourceVersionDate "2009.01.28"]
[SourceQuality "1"]

1. e4 c6 2. d4 d5 3. Nc3 b5 4. a3 a6 5. Nf3 Bg4 6. Be2 e6 7. Bf4 Nf6 8. exd5 cxd5 9. h3 Bxf3 10. Bxf3 Be7 11. 0-0 0-0 12. Re1 Nbd7 13. Ne2 Nb6 14. Nc1 Nc4 15. Nd3 Qb6 16. c3 Rac8 17. Re2 Rfd8 18. b3 Nd6 19. Bxd6 Bxd6 20. Qe1 Qc7 21. Rc2 Nd7 22. a4 Nb6 23. a5 Nd7 24. b4 Re8 25. Qd2 Nf6 26. Re1 Qb7 27. g3 Rc7 28. Qe3 Rec8 29. Nc5 Bxc5 30. dxc5 Re8 31. Qe5 Qc6 32. Rd2 Rce7 33. Bg2 Nd7 34. Qd6 Nb8 35. Bxd5 Qd7 36. Bf3 Qc8 37. Red1 Rd7 38. Qb6 Rc7 39. Rd6 e5 40. Kh2 f6 41. c6 h6 42. Qc5 e4 43. Qd5+ Kf8 44. Bxe4 Nxc6 45. Rxc6 Rxc6 46. Qxc6 Qxc6 47. Bxc6 1-0

[Event "Mondragon Arrasate Hiria op 7th"]
[Site "Mondragon"]
[Date "2007.10.07"]
[Round "4"]
[White "Galzagorri Uli, Yeray"]
[Black "Miguel Quintero, Antonio"]
[Result "1/2-1/2"]
[WhiteElo "2220"]
[BlackElo "2187"]
[PlyCount "84"]
[EventDate "2007.09.16"]
[EventType "swiss"]
[EventRounds "6"]
[EventCountry "ESP"]
[SourceTitle "EXT 2009"]
[Source "ChessBase"]
[SourceDate "2008.11.26"]
[SourceVersion "1"]
[SourceVersionDate "2008.11.26"]
[SourceQuality "1"]

1. c4 g6 2. Nc3 Bg7 3. g3 c5 4. Bg2 Nc6 5. e3 e6 6. Nge2 Nge7 7. 0-0 0-0 8. d4 cxd4 9. Nxd4 d5 10. cxd5 exd5 11. Nxc6 bxc6 12. Na4 Ba6 13. Re1 Bb5 14. Bd2 Rb8 15. Bc3 Bxa4 16. Qxa4 Bxc3 17. bxc3 Qb6 18. c4 Rfd8 19. cxd5 Nxd5 20. Rac1 Rd6 21. h4 Rbd8 22. Rc2 Qb4 23. Qxb4 Nxb4 24. Rce2 c5 25. a3 Nd3 26. Rb1 Rb6 27. Rd1 Rb3 28. Rc2 Rxa3 29. Rxc5 Nxc5 30. Rxd8+ Kg7 31. g4 Rd3 32. Ra8 Rd7 33. g5 h6 34. f4 hxg5 35. hxg5 Rd1+ 36. Kf2 Rd2+ 37. Kg3 Rd7 38. Bc6 Re7 39. Kf3 Ne6 40. Ba4 f6 41. Bb3 fxg5 42. Bxe6 Rxe6 1/2-1/2

[Event "Mondragon Arrasate Hiria op 7th"]
[Site "Mondragon"]
[Date "2007.09.22"]
[Round "2"]
[White "Tornay Gomez, Josu"]
[Black "Miguel Quintero, Antonio"]
[Result "1/2-1/2"]
[WhiteElo "2096"]
[BlackElo "2187"]
[PlyCount "137"]
[EventDate "2007.09.16"]
[EventType "swiss"]
[EventRounds "6"]
[EventCountry "ESP"]
[SourceTitle "EXT 2009"]
[Source "ChessBase"]
[SourceDate "2008.11.26"]
[SourceVersion "1"]
[SourceVersionDate "2008.11.26"]
[SourceQuality "1"]

1. e4 e5 2. Nf3 Nc6 3. d4 exd4 4. Bc4 Nf6 5. e5 d5 6. Bb5 Ne4 7. Nxd4 Bd7 8. Bxc6 bxc6 9. 0-0 Bc5 10. f3 Ng5 11. f4 Ne4 12. Be3 0-0 13. Nd2 Nxd2 14. Qxd2 Qe7 15. Rae1 Bb6 16. Nb3 g6 17. Qc3 a5 18. a4 Qb4 19. Qxb4 axb4 20. Nc5 Bf5 21. Rf2 Ra5 22. Nb3 Rxa4 23. Bxb6 cxb6 24. Nd4 c5 25. Nxf5 gxf5 26. Rd1 Rd8 27. Rfd2 d4 28. Kf1 Rda8 29. h3 Ra2 30. Rb1 Ra1 31. Rxa1 Rxa1+ 32. Ke2 Rb1 33. b3 h5 34. g3 Rg1 35. Kf3 Re1 36. Rd3 Kf8 37. g4 hxg4+ 38. hxg4 Rf1+ 39. Kg3 Rg1+ 40. Kf3 Rxg4 41. Rd1 Rh4 42. Kg3 Rh6 43. Ra1 Rg6+ 44. Kf3 Re6 45. Rh1 c4 46. Rd1 Rc6 47. Rxd4 cxb3 48. cxb3 Rc3+ 49. Ke2 Rxb3 50. Rd6 Rb2+ 51. Kd3 Rb3+ 52. Ke2 Rb1 53. Rxb6 b3 54. Kd2 b2 55. Kc2 Rf1 56. Rb4 b1Q+ 57. Rxb1 Rxf4 58. Re1 Ke7 59. Kd3 Ke6 60. Re2 Ra4 61. Re1 Kd5 62. Rf1 Ra3+ 63. Ke2 Kxe5 64. Rb1 f4 65. Kf2 Kf5 66. Rb8 Rg3 67. Ra8 Rg6 68. Kf3 Re6 69. Rb8 1/2-1/2

[Event "Euskadi-chTA"]
[Site "Euskadi"]
[Date "2001.02.03"]
[Round "8"]
[White "Miguel Quintero, Antonio"]
[Black "Ibaibarriaga Aporta, Asier"]
[Result "1-0"]
[WhiteElo "2147"]
[BlackElo "1875"]
[PlyCount "49"]
[EventDate "2000.11.18"]
[EventType "team"]
[EventRounds "9"]
[EventCountry "ESP"]
[SourceTitle "EXT 2006"]
[Source "ChessBase"]
[SourceDate "2005.11.24"]
[SourceVersion "1"]
[SourceVersionDate "2005.11.24"]
[SourceQuality "1"]

1. e4 e5 2. Nf3 Nc6 3. Bb5 a6 4. Ba4 Nf6 5. 0-0 b5 6. Bb3 Be7 7. Re1 0-0 8. c3 d5 9. d4 Nxe4 10. dxe5 Be6 11. Nbd2 Nc5 12. Bc2 a5 13. Nb3 Ne4 14. Nbd4 Nxd4 15. Nxd4 Bc5 16. f3 f6 17. Be3 Bxd4 18. cxd4 Ng5 19. exf6 Nxf3+ 20. Qxf3 Rxf6 21. Qh5 h6 22. Rf1 Bf7 23. Qe5 Raa6 24. Rxf6 Rxf6 25. Rf1 1-0

[Event "Euskadi-chTA"]
[Site "Euskadi"]
[Date "2001.01.20"]
[Round "6"]
[White "Miguel Quintero, Antonio"]
[Black "Nava Pereda, Carlos"]
[Result "1-0"]
[WhiteElo "2147"]
[BlackElo "2302"]
[PlyCount "49"]
[EventDate "2000.11.18"]
[EventType "team"]
[EventRounds "9"]
[EventCountry "ESP"]
[SourceTitle "EXT 2006"]
[Source "ChessBase"]
[SourceDate "2005.11.24"]
[SourceVersion "1"]
[SourceVersionDate "2005.11.24"]
[SourceQuality "1"]

1. e4 d5 2. exd5 Nf6 3. d4 Bg4 4. Be2 Bxe2 5. Qxe2 Qxd5 6. Nf3 e6 7. 0-0 Nc6 8. Nc3 Qh5 9. Bf4 0-0-0 10. Rfd1 Rg8 11. Ne4 Qg4 12. Nxf6 gxf6 13. Bg3 f5 14. h3 Qg7 15. Qf1 Nxd4 16. Rxd4 Rxd4 17. Be5 Qh6 18. Nxd4 Qxh3 19. g3 Qh4 20. Qb5 Qe7 21. Rd1 a6 22. Qd3 Bh6 23. Nc6 Qe8 24. Bf6 Rf8 25. Qa3 1-0